| 000 | 00739nam a2200229 i 4500 | ||
|---|---|---|---|
| 001 | bg | ||
| 245 | 0 | 0 |
_aScience and technology park in Koszalin : _ba place where industry and academy work together / _cTechnical University of Koszalin. |
| 260 |
_aKoszalin : _bTUK, _c1999. |
||
| 300 |
_a22 s. : _bfot. ; _c30 cm. |
||
| 500 | _aOpis wg okł. | ||
| 650 | 9 |
_aParki technologiczne _zPolska |
|
| 651 | 9 |
_aKoszalin (woj. zachodniopomorskie) _xPolitechnika Koszalińska |
|
| 655 | _aInformatory | ||
| 710 | 0 | _aTechnical University of Koszalin | |
| 020 | _a8387424811 | ||
| 040 | _cBPK | ||
| 041 | 0 | _aen | |
| 080 | _a001.895:62::008:378.662](438) | ||
| 920 | _a83-87424-81-1 | ||
| 942 | _cKS | ||
| 008 | s pl f |000 0 pol | ||
| 999 |
_c36837 _d36837 |
||
| 856 |
_uhttp://koha.tu.koszalin.pl/cgi-bin/koha/opac-detail.pl?biblionumber=36837 _yKatalog online BPK |
||